000 00653nam a2200205Ia 4500
003 GCL
008 140319s9999 xx 000 0 ara d
040 _aGCL /
_cGCL
082 0 4 _a418.2
_bع ع
100 1 _aعبده الراجحى
245 1 0 _aعلم اللغة التطبيقية وتعليم العربية /
_cعبده الراجحى
260 _a[S.N] :
_bدار المعرفة الجامعية ،
_c1992
300 _a131 ص
490 _a
650 0 4 _aاللغة العربية
650 0 4 _aتعليم وتدريس
650 0 4 _aعلم اللغة التعليمى
650 0 4 _aعلم اللغة التحليلى
942 _2ddc
_cBK
999 _c53472
_d53472